The marketing of professional accounting services (Record no. 82664)

MARC details
000 -LEADER
fixed length control field 00996nam a2200205 a 4500
008 - FIXED-LENGTH DATA ELEMENTS--GENERAL INFORMATION
fixed length control field 120416s1982 ||||||||||||||||| || u
050 ## - LIBRARY OF CONGRESS CALL NUMBER
Classification number HF 5657 Mah
100 ## - MAIN ENTRY--PERSONAL NAME
Personal name Mahon, James Joseph
245 14 - TITLE STATEMENT
Title The marketing of professional accounting services
246 ## -
-- a personal practice development approach
250 ## - EDITION STATEMENT
Edition statement 2nd ed.
260 ## - PUBLICATION, DISTRIBUTION, ETC.
Place of publication, distribution, etc. New York
Name of publisher, distributor, etc. John Wiley and Sons
Date of publication, distribution, etc. 1982
300 ## - PHYSICAL DESCRIPTION
Extent xviii, 199p.
350 ## -
-- 0.00
650 #0 - SUBJECT ADDED ENTRY--TOPICAL TERM
Topical term or geographic name entry element ACCOUNTING--HANDBOOKS, MANUALS, ETC
650 ## - SUBJECT ADDED ENTRY--TOPICAL TERM
Topical term or geographic name entry element PROFESSIONAL ACCOUNTING
995 ## -
-- ANNEX COLLECTION (Main Library)
-- 0.00
-- 707050
-- CBU-MAIN LIBRARY (Kitwe)
-- 1
-- 0.00
-- HF 5657 Mah
-- 3
-- AVAILABLE
-- 007022
-- Annex Low-Usage Collection
995 ## -
-- ANNEX COLLECTION (Main Library)
-- 0.00
-- 707048
-- CBU-MAIN LIBRARY (Kitwe)
-- 3
-- 0.00
-- HF 5657 Mah
-- 1
-- AVAILABLE
-- 007020
-- Annex Low-Usage Collection
995 ## -
-- ANNEX COLLECTION (Main Library)
-- 0.00
-- 707049
-- CBU-MAIN LIBRARY (Kitwe)
-- 2
-- 0.00
-- HF 5657 Mah
-- 2
-- AVAILABLE
-- 007021
-- Annex Low-Usage Collection
999 ## -
-- 82664
-- 82664
Holdings
Withdrawn status Lost status Source of classification or shelving scheme Damaged status Not for loan Permanent Location Current Location Shelving location Date acquired Total Checkouts Full call number Barcode Date last seen Copy number Price effective from Koha item type
          CBU-MAIN LIBRARY, KITWE. CBU-MAIN LIBRARY, KITWE.   09/29/2023   HF 5657 Mah 007022 09/29/2023 1 09/29/2023 MONOGRAPH
          CBU-MAIN LIBRARY, KITWE. CBU-MAIN LIBRARY, KITWE.   09/29/2023   HF 5657 Mah 007020 09/29/2023 2 09/29/2023 MONOGRAPH
Withdrawn         CBU-MAIN LIBRARY, KITWE. CBU-MAIN LIBRARY, KITWE.   09/29/2023   HF 5657 Mah 007021 09/29/2023 3 09/29/2023 MONOGRAPH